Loading...
| Fine Arts - Classical Music | 8 | 15.00 | 88% | 63% | 0% |
| Fine Arts - Other | 6 | 20.00 | 100% | 83% | 17% |
| Fine Arts - Painting and Sculpture | 5 | 12.00 | 100% | 20% | 0% |
| Geography | 1 | 20.00 | 100% | 100% | 0% |
| History - American | 8 | 20.00 | 100% | 88% | 13% |
| History - European | 8 | 23.75 | 88% | 88% | 63% |
| History - Other | 6 | 18.33 | 100% | 67% | 17% |
| History - World | 5 | 20.00 | 80% | 80% | 40% |
| Literature - American | 7 | 27.14 | 100% | 100% | 71% |
| Literature - British | 3 | 20.00 | 100% | 67% | 33% |
| Literature - European | 4 | 27.50 | 100% | 100% | 75% |
| Literature - World | 3 | 20.00 | 100% | 100% | 0% |
| Mythology | 8 | 20.00 | 100% | 63% | 38% |
| Other Academic | 1 | 10.00 | 100% | 0% | 0% |
| Philosophy | 9 | 17.78 | 100% | 67% | 11% |
| Pop Culture | 1 | 20.00 | 100% | 0% | 100% |
| Religion | 6 | 21.67 | 100% | 67% | 50% |
| Science - Biology | 6 | 11.67 | 83% | 33% | 0% |
| Science - Chemistry | 5 | 10.00 | 100% | 0% | 0% |
| Science - Other | 6 | 10.00 | 100% | 0% | 0% |
| Science - Physics | 8 | 7.50 | 75% | 0% | 0% |
| Social Science | 6 | 13.33 | 83% | 33% | 17% |